Language Quiz

Random Language or Spanish Quiz

Spanish I - Los números - 0-31 Quiz Stats

 Plays Quiz not verified by Sporcle

Score 0/32 Timer 06:00
0 Plays Today
Number Número % Correct
1uno
99.2%
2dos
98%
3tres
96.5%
5cinco
93.9%
8ocho
92.3%
6seis
91.6%
4cuatro
90.3%
9nueve
89.7%
10diez
88.8%
0cero
88.4%
7siete
87.2%
12doce
87.1%
11once
86.7%
13trece
83%
15quince
74.6%
14catorce
71%
Number Número % Correct
20veinte
68.4%
21veintiuno
63.5%
22veintidós
62.6%
16dieciséis
60.7%
23veintitrés
60.6%
24veinticuatro
58.3%
17diecisiete
58.2%
18dieciocho
58.1%
25veinticinco
58%
19diecinueve
57.3%
26veintiséis
56.6%
28veintiocho
55.5%
29veintinueve
54.6%
27veintisiete
54.2%
30treinta
52.3%
31treinta y uno
48.2%

You're not logged in!

Compare scores with friends on all Sporcle quizzes.
OR
Log In

Sporcle TV

Today on Sporcle TV


Watch our educational content, quiz creation guides, and fun videos on Sporcle TV.

Show Comments

Extras

Created Sep 14, 2015ReportNominate
Tags:Spanish Quiz, numero

Top Quizzes Today


Score Distribution

Your Account Isn't Verified!

In order to create a playlist on Sporcle, you need to verify the email address you used during registration. Go to your Sporcle Settings to finish the process.

Report this User

Report this user for behavior that violates our Community Guidelines.

Details: